Plan de igualdad de oportunidades para las mujeres en la sociedad de la información, piom-si. (Registro nro. 40094)
[ vista simple ]
| 000 -CABECERA | |
|---|---|
| campo de control de longitud fija | 00776nam a2200241 i 4500 |
| 001 - NÚMERO DE CONTROL | |
| campo de control | 000040604 |
| 003 - IDENTIFICADOR DEL NÚMERO DE CONTROL | |
| campo de control | DO-SdBNP |
| 005 - FECHA Y HORA DE LA ÚLTIMA TRANSACCIÓN | |
| campo de control | 20240726105743.0 |
| 007 - CAMPO FIJO DE DESCRIPCIÓN FÍSICA--INFORMACIÓN GENERAL | |
| campo de control de longitud fija | ta |
| 008 - DATOS DE LONGITUD FIJA--INFORMACIÓN GENERAL | |
| campo de control de longitud fija | 130903s2012 dr 000 0 spa d |
| 040 ## - FUENTE DE LA CATALOGACIÓN | |
| Centro catalogador/agencia de origen | DO-SdBNP |
| Lengua de catalogación | spa |
| Centro/agencia transcriptor | BNPHU |
| Normas de descripción | rda |
| 082 ## - NÚMERO DE LA CLASIFICACIÓN DECIMAL DEWEY | |
| Número de documento/Ítem | P699 |
| Número de edición | 22 |
| 245 00 - MENCIÓN DE TÍTULO | |
| Título | Plan de igualdad de oportunidades para las mujeres en la sociedad de la información, piom-si. |
| 264 ## - PRODUCCIÓN, PUBLICACIÓN, DISTRIBUCIÓN, FABRICACIÓN Y COPYRIGHT | |
| Producción, publicación, distribución, fabricación y copyright | Santo Domingo : |
| Nombre del de productor, editor, distribuidor, fabricante | CIPAF |
| -- | Fondo para la igualdad de género, |
| Fecha de producción, publicación, distribución, fabricación o copyright | [2012]. |
| 300 ## - DESCRIPCIÓN FÍSICA | |
| Extensión | 38 páginas ; |
| Dimensiones | 28 cm. |
| 336 ## - TIPO DE CONTENIDO | |
| Fuente | rdacontent |
| Término de tipo de contenido | texto |
| Código de tipo de contenido | txt |
| 337 ## - TIPO DE MEDIO | |
| Fuente | rdamedia |
| Nombre/término del tipo de medio | sin mediación |
| Código del tipo de medio | n |
| 338 ## - TIPO DE SOPORTE | |
| Fuente | rdacarrier |
| Nombre/término del tipo de soporte | volumen |
| Código del tipo de soporte | nc |
| 590 ## - NOTA LOCAL (RLIN) | |
| Nota local | Inventariado, 2023 / DG |
| 710 2# - PUNTO DE ACCESO ADICIONAL--NOMBRE DE ENTIDAD CORPORATIVA | |
| Nombre de entidad corporativa o nombre de jurisdicción como elemento de entrada | Centro de Investigación para la Acción Femenina |
| 9 (RLIN) | 52431 |
| 910 ## - DATOS DE OPCIÓN DEL USUARIO (OCLC) | |
| Datos de opción del usuario | DG |
| 942 ## - ELEMENTOS DE PUNTO DE ACCESO ADICIONAL (KOHA) | |
| Fuente del sistema de clasificación o colocación | Dewey Decimal Classification |
| Tipo de ítem Koha | Libro |
| Estado de retiro | Estado de pérdida | No para préstamo | Código de colección | Localización permanente | Ubicación/localización actual | Ubicación en estantería | Fecha de adquisición | Número de inventario | Total de préstamos | Signatura topográfica completa | Código de barras | Fecha visto por última vez | Precio válido a partir de | Tipo de ítem Koha | Número de copia | Fuente del sistema de clasificación o colocación | Restricciones de uso | Fuente de adquisición |
|---|---|---|---|---|---|---|---|---|---|---|---|---|---|---|---|---|---|---|
| Dominicana de Servicio | Biblioteca Nacional Pedro Henríquez Ureña | Biblioteca Nacional Pedro Henríquez Ureña | En catalogación | 15.02.2023 | xxx P699 | 2023-0968 | 15.02.2023 | 15.02.2023 | Libro | e.4 | Dewey Decimal Classification | Préstamo en sala | ||||||
| Dominicana de Servicio | Biblioteca Nacional Pedro Henríquez Ureña | Biblioteca Nacional Pedro Henríquez Ureña | En catalogación | 26.07.2024 | BNPHU DS P699 | 2024-4641 | 26.07.2024 | 26.07.2024 | Libro | e.5 | Dewey Decimal Classification | Préstamo en sala | donación | |||||
| Excluido de préstamo | Patrimonio Dominicano | Patrimonio Dominicano | Patrimonio Dominicano | En catalogación | 03.09.2013 | LF1 | xxx xxx | 40604-10 | 25.06.2020 | 25.06.2020 | Libro y Folleto Colección Patrimonio Dominicano | |||||||
| Excluido de préstamo | Patrimonio Dominicano | Patrimonio Dominicano | Patrimonio Dominicano | En catalogación | 03.09.2013 | LF1 | xxx xxx | 40604-20 | 25.06.2020 | 25.06.2020 | Libro y Folleto Colección Patrimonio Dominicano | e. 2 | ||||||
| Excluido de préstamo | Dominicana de Servicio | Patrimonio Dominicano | Patrimonio Dominicano | En catalogación | 03.09.2013 | LF1 | xxx xxx | 40604-30 | 25.06.2020 | 25.06.2020 | Libro y Folleto Colección Dominicana de Servicio | e. 3 |
